Countries Bordering Unknown Sea #4 - Statistics

General Stats
  • This quiz has been taken 591 times
  • The average score is 7 of 7
Answer Stats
Country % Correct
R Romania
97%
R Russia
97%
T Turkey
97%
B Bulgaria
96%
G Georgia
96%
U Ukraine
96%
Black Sea
94%
No matching quizzes found
Score Distribution
Percent of People with Each Score
Percentile by Number Answered
Your Score History
You have not taken this quiz